000 00722nam a2200229Ia 4500
999 _c36009
_d36009
001 1908
003 GE_BSU
005 20221010151008.0
008 181216s2007ru xx |||||||||||||| ||rus||
020 _a5965900287
040 _cGE_BSU
041 _arus
080 _a342(075.8) Д-30
100 _aДемин,А.А.
_915197
245 _aГосударственная служба :
_bУчебное пособие /
_cА.А. Демин.
264 _aМосква :
_bКнигодел,
_c2007.
300 _a124 с.:
_b19 см.
653 _aГосударственная служба.
653 _aᲡაჯარო სამსახური.
653 _aსამართალი
942 _cBK
_2udc